| 000 | 00790nam a2200217 a 4500 | ||
|---|---|---|---|
| 008 | 120416s2004 ||||||||||||||||| || u | ||
| 020 | _a140512170x | ||
| 050 | _aBT 55 Bur | ||
| 100 | _aBurrell, David | ||
| 245 | 1 | 0 | _aFaith and freedom |
| 246 | _aan interfaith perspective | ||
| 260 |
_aOxford _bBlackwell _c2004 |
||
| 300 | _axxi, 266p. | ||
| 350 | _a0.00 | ||
| 490 | _aChallenges in contemporary theology | ||
| 650 | _aCREATION--COMPARETIVE STUDIES | ||
| 650 | _aLiberty - Religious aspects - Comparative studies | ||
| 650 | _aPHILOSOPHICAL THEOLOGY | ||
| 856 | _uhttp://www.loc.gov/catdir/toc/ecip0415/2004003094.html | ||
| 995 |
_D0.00 _FCBU-MAIN LIBRARY (Kitwe) _H1 _I21.00 _M1 _UAVAILABLE _ZMain Library Open Access Collection |
||
| 999 |
_c43117 _d43117 |
||